书目信息 |
| 题名: |
案说信息网络传播权保护条例
|
|
| 作者: | 邹忭 , 孙彦 主编 ;国家知识产权局 组织编写 | |
| 分册: | ||
| 出版信息: | 北京 知识产权出版社 2008.01 |
|
| 页数: | 231页 | |
| 开本: | 21cm | |
| 丛书名: | 知识产权普法读本·案说知识产权法丛书 | |
| 单 册: | ||
| 中图分类: | D923.405 | |
| 科图分类: | ||
| 主题词: | 信息网络--xin xi wang luo--知识产权法--案例--分析--中国 | |
| 电子资源: | ||
| ISBN: | 978-7-80198-275-9 | |
| 000 | 01207nam 2200277 450 | |
| 001 | 012009756956 | |
| 005 | 20090623105336.23 | |
| 010 | @a978-7-80198-275-9@dCNY18.00 | |
| 100 | @a20090623d2008 em y0chi0120 ea | |
| 101 | 0 | @achi |
| 102 | @aCN@b110000 | |
| 105 | @ay z 000yy | |
| 106 | @ar | |
| 200 | 1 | @a案说信息网络传播权保护条例@Aan shuo xin xi wang luo chuan bo quan bao hu tiao li@f国家知识产权局人事司组织编写@Fguo jia zhi shi chan quan ju ren shi si zu zhi bian xie@g邹忭, 孙彦主编@Gzou bian,sun yan zhu bian |
| 210 | @a北京@c知识产权出版社@d2008.01 | |
| 215 | @a231页@d21cm | |
| 225 | 2 | @a知识产权普法读本·案说知识产权法丛书@Azhi shi chan quan pu fa du ben·an shuo zhi shi chan quan fa cong shu |
| 330 | @a本书以信息网络传播权保护条例法条次序为编排顺序,通过相关法条、相关知识、实例分析对每一法条进行解读。 | |
| 410 | 0 | @12001 @a知识产权普法读本·案说知识产权法丛书 |
| 606 | 0 | @a信息网络@Axin xi wang luo@x知识产权法@x案例@x分析@y中国 |
| 690 | @aD923.405@v4 | |
| 701 | 0 | @a邹忭@Azou bian@4主编 |
| 701 | 0 | @a孙彦@Asun yan@4主编 |
| 712 | 02 | @a国家知识产权局@Aguo jia zhi shi chan quan ju@b人事司@4组织编写 |
| 801 | 0 | @aCN@bQSSK@c20090623 |
| 905 | @b747746-48@dD923.405@eS975@f3 | |
| 案说信息网络传播权保护条例/国家知识产权局人事司组织编写/邹忭, 孙彦主编.-北京:知识产权出版社,2008.01 |
| 231页;21cm.-(知识产权普法读本·案说知识产权法丛书) |
| ISBN 978-7-80198-275-9:CNY18.00 |
| 本书以信息网络传播权保护条例法条次序为编排顺序,通过相关法条、相关知识、实例分析对每一法条进行解读。 |
| ● |
| 相关链接 |
|
|
|
正题名:案说信息网络传播权保护条例
索取号:D923.405/S975
 
预约/预借
| 序号 | 登录号 | 条形码 | 馆藏地/架位号 | 状态 | 备注 |
| 1 | 747746 | 207477461 | 社科库509/509社科库 92排6列1层/ [索取号:D923.405/S975] | 在馆 | |
| 2 | 747747 | 207477470 | 社科库509/509社科库 92排6列1层/ [索取号:D923.405/S975] | 在馆 | |
| 3 | 747748 | 207477489 | 社科库509/509社科库 92排6列1层/ [索取号:D923.405/S975] | 在馆 |